La existencia toxica /
Guardado en:
| Autor Principal: | |
|---|---|
| Formato: | Libro |
| Publicado: |
Buenos Aires :
Lumen,
1993
|
| Etiquetas: |
Agregar Etiqueta
Sin Etiquetas, Sea el primero en etiquetar este registro!
|
| LEADER | 00394nam a22001455a 4500 | ||
|---|---|---|---|
| 001 | CEM.cems007310 | ||
| 005 | 20060214000000.0 | ||
| 008 | 130507s1993##################000#0#####d | ||
| 003 | CEMS | ||
| 082 | 0 | 4 | |a 616.86 |
| 100 | 1 | |a Yaría, Juan Alberto | |
| 245 | 1 | 0 | |a La existencia toxica / |
| 260 | |a Buenos Aires : |b Lumen, |c 1993 | ||
| 300 | |a 281 p. | ||
| 859 | |a CEMS |b BIB. CEMS - 11 de abril |h 616.86 |i Y21 |p 17162.93 |t Ej.1 | ||
